Pacific Ring of Fire Countries in 90 seconds - Statistics

General Stats
  • This quiz has been taken 69 times
  • The average score is 27 of 34
Answer Stats
Answer % Correct
Japan
98%
Indonesia
95%
Philippines
95%
United States
95%
Canada
93%
Chile
93%
Ecuador
89%
Peru
89%
Mexico
85%
New Zealand
85%
Panama
85%
El Salvador
84%
Fiji
84%
Guatemala
84%
Malaysia
84%
Tuvalu
84%
Colombia
82%
Papua New Guinea
80%
Costa Rica
78%
Honduras
78%
Samoa
78%
Tonga
78%
Palau
76%
Brunei
75%
Kiribati
75%
Nicaragua
75%
Solomon Islands
75%
Argentina
73%
Russia
69%
Singapore
69%
East Timor
67%
Brazil
64%
Belize
60%
Bolivia
56%
No matching quizzes found
Score Distribution
Percent of People with Each Score
Percentile by Number Answered
Your Score History
You have not taken this quiz